000 00773nam a2200229 4500
001 49226
003 BD-RjUL
005 20211209054643.0
008 160818s1979 bg ||||| |||| 00| 0 ben d
020 _c: TK 12.00
035 _a(BD-RjUL)49345
040 _aBD-RjUL
_bben
_cBD-RjUL
041 _aben
082 _223
_a294.594
_bDEH 1979
100 _aদেবনাথ, দীনেশ চন্দ্র
_9144221
245 1 0 _aহিন্দু আইন /
_cদীনেশ চন্দ্র দেবনাথ
260 _aঢাকা :
_bবেণু দেবনাথ,
_c১৯৭৯
300 _a১০৪ পৃ. ;
_c২১ সেমি.
650 _aহিন্দু আইন
_9126045
650 _aHindu Law
_9147940
942 _2ddc
_cBK
999 _c49226
_d49226